000 00493pab a2200181 454500
008 180718b2008 xxu||||| |||| 00| 0 eng d
100 _aKeer, Jeffrey L.
245 _aThe next frontier in corporate governance: engaging the board in strategy
260 _c2008
300 _ap.112-24.
362 _aApr-Jun
650 _aCorporate governance
650 _aFinancial markets
700 _aWerther, William B., Jr.
773 _aOrganizational Dynamics
908 _aN
909 _a78856
999 _c78856
_d78856